000 00614nam a2200277Ia 4500
005 20260401122452.0
008 008 250103s9999 xx 000 0 eng d
020 _a9781137403995
037 _aTB
040 _aEDL
040 _beng
040 _cEDL
041 _2eng
041 _aeng
084 _a820.93FLU
084 _qEDL
245 0 _aIdleness, Indolence and leisure in English literature
260 _aHampshire
260 _bPalgrave Macmillan
260 _c2014
300 _a309p
942 _cTB
942 _h820.93FLU
999 _c1847487
_d1847487